[Event "I Festival A"]
[Site "Vanzaghello ITA"]
[Date "1999.09.26"]
[Round "6"]
[White "Drabke, Lorenz Maximilian"]
[Black "Sala, Gianni"]
[Result "1/2-1/2"]
[WhiteElo "2102"]
[BlackElo "2048"]
[PlyCount "65"]
[EventDate "1999.09.23"]

1. g3 Nf6 2. Bg2 g6 3. c4 c5 4. Nc3 Bg7 5. e4 Nc6 6. Nge2 d6 7. O-O e5 8. d3
O-O 9. h3 Bd7 10. Be3 h6 11. Kh2 a6 12. Qd2 Kh7 13. f4 exf4 14. gxf4 Nh5 15.
Rg1 Qh4 16. Raf1 Nf6 17. Rf3 Ng4+ 18. Kh1 Nxe3 19. Rxe3 Bd4 20. Nd5 Bxe3 21.
Qxe3 Rae8 22. Kh2 Bg4 23. Qg3 Qxg3+ 24. Nxg3 Be6 25. Nf6+ Kg7 26. Nxe8+ Rxe8
27. Ne2 b5 28. b3 Nb4 29. Nc1 bxc4 30. dxc4 Nc2 31. Rd1 Nd4 32. Rd2 f5 33. Ne2
1/2-1/2

[Event "I Festival A"]
[Site "Vanzaghello ITA"]
[Date "1999.09.26"]
[Round "6"]
[White "Everet, Alexandro"]
[Black "Bianchi, Alberto"]
[Result "1-0"]
[WhiteElo "2294"]
[BlackElo "1903"]
[PlyCount "51"]
[EventDate "1999.09.23"]

1. d4 Nf6 2. c4 g6 3. Nc3 Bg7 4. e4 O-O 5. Nf3 d6 6. h3 Nbd7 7. Be2 c5 8. Be3
a6 9. O-O Rb8 10. Qc2 b6 11. Rad1 Qc7 12. Rfe1 Ne8 13. Bf1 e6 14. Qd2 cxd4 15.
Nxd4 e5 16. Nd5 Qb7 17. Nc6 Ra8 18. Nd8 Qb8 19. Ne7+ Kh8 20. Qd5 Nc5 21. Nxc8
Nf6 22. Nxf7+ Rxf7 23. Qxf7 Qxc8 24. Rxd6 Nfxe4 25. Bxc5 Nxc5 26. Red1 1-0

[Event "I Festival A"]
[Site "Vanzaghello ITA"]
[Date "1999.09.26"]
[Round "6"]
[White "Gagliardi, Christian"]
[Black "Pace, Roberto"]
[Result "1-0"]
[WhiteElo "1891"]
[BlackElo "2050"]
[PlyCount "91"]
[EventDate "1999.09.23"]

1. e4 e5 2. f4 d5 3. exd5 exf4 4. Nf3 Be7 5. Bc4 Bh4+ 6. Kf1 Be7 7. d4 Nf6 8.
Nc3 O-O 9. Bxf4 c6 10. dxc6 Nxc6 11. h3 a6 12. a3 b5 13. Ba2 Na5 14. Qe2 b4 15.
axb4 Bxb4 16. Rd1 Bb7 17. Bg5 Bd6 18. Nd5 Bxd5 19. Bxd5 Rb8 20. c3 Bg3 21. Ba2
Qb6 22. b4 Nb7 23. Ne5 h6 24. Be3 Nd6 25. Qf3 Nfe4 26. Kg1 Qb7 27. Rc1 Kh7 28.
Qg4 Qc8 29. Bb1 Bxe5 30. dxe5 f5 31. exf6 Qxg4 32. hxg4 Rxf6 33. g5 Re6 34. Bf4
Kh8 35. Bxe4 Rbe8 36. Bxd6 Rxd6 37. Bf3 Kg8 38. gxh6 gxh6 39. Kh2 Kg7 40. Rhe1
Rb8 41. Re7+ Kf6 42. Rb7 Rc8 43. c4 Rd4 44. c5 Rf8 45. c6 Rc8 46. c7 1-0

[Event "I Festival A"]
[Site "Vanzaghello ITA"]
[Date "1999.09.26"]
[Round "6"]
[White "Rossi, Giampiero"]
[Black "Adinolfi, Vincenzo"]
[Result "1-0"]
[WhiteElo "2020"]
[BlackElo "2187"]
[PlyCount "101"]
[EventDate "1999.09.23"]

1. d4 Nf6 2. c4 d6 3. Nc3 g6 4. g3 Bg7 5. Bg2 O-O 6. Nf3 Nc6 7. O-O Nd7 8. b3
e5 9. e3 f5 10. Bb2 e4 11. Nd2 Nb4 12. Rb1 c5 13. dxc5 dxc5 14. a3 Nd3 15. Na4
Nxb2 16. Nxb2 Ne5 17. Qc2 Qf6 18. Rfd1 Rd8 19. Bf1 b6 20. Be2 Bb7 21. Nf1 h5
22. Rxd8+ Rxd8 23. Rd1 h4 24. Rxd8+ Qxd8 25. Nd1 g5 26. Nc3 h3 27. Qd2 Nd3 28.
Nd5 Bxd5 29. Bxd3 Bf7 30. Bc2 Qf6 31. g4 Bg6 32. gxf5 Bxf5 33. Qd5+ Qe6 34.
Qxe6+ Bxe6 35. Bxe4 b5 36. cxb5 Bxb3 37. Nd2 Ba4 38. Bd3 Bb2 39. Ne4 Bxa3 40.
Bc4+ Kg7 41. Nxg5 Kf6 42. Nxh3 Kf5 43. f3 Bc1 44. Kf2 Bd1 45. Nf4 Bb2 46. Ne6
Be5 47. Nxc5 Bxh2 48. Be6+ Kf6 49. f4 Ba4 50. Bd7 Ke7 51. Kg2 1-0

[Event "I Festival A"]
[Site "Vanzaghello ITA"]
[Date "1999.09.26"]
[Round "6"]
[White "Sgnaolin, Davide"]
[Black "Barlocco, Carlo"]
[Result "0-1"]
[WhiteElo "2135"]
[BlackElo "2161"]
[PlyCount "117"]
[EventDate "1999.09.23"]

1. e4 Nf6 2. Nc3 d5 3. e5 Ne4 4. Nce2 f6 5. Nf3 fxe5 6. d3 Nf6 7. Nxe5 e6 8.
Nf4 Bd6 9. d4 O-O 10. Bd3 c5 11. c3 Nc6 12. Nxc6 bxc6 13. O-O e5 14. dxe5 Bxe5
15. g3 c4 16. Be2 Rb8 17. Bf3 Bf5 18. Re1 Bxf4 19. Bxf4 Rxb2 20. Qa4 Be4 21.
Bd1 Qd7 22. Be2 Qh3 23. Bf1 Qh5 24. Qd1 Bf3 25. Qd4 Ne4 26. Qe3 g5 27. Be5 Nxf2
28. Qxa7 Qf7 29. Qxf7+ Kxf7 30. Reb1 Rxb1 31. Rxb1 Nd3 32. Bd4 Ra8 33. Rb6 Rc8
34. a4 g4 35. a5 c5 36. Be3 Re8 37. a6 d4 38. Bd2 Ra8 39. Rd6 Ke7 40. Rb6 Kd8
41. Rf6 Kc7 42. h3 h5 43. Rh6 Rb8 44. Bxd3 cxd3 45. Bf4+ Kd7 46. cxd4 Rb1+ 47.
Kf2 c4 48. Bd2 Rb3 49. hxg4 hxg4 50. Rh7+ Ke6 51. a7 c3 52. Rh6+ Kf7 53. Bxc3
Rxc3 54. Ke3 Ra3 55. Rh7+ Ke6 56. Kd2 Kd5 57. Ke3 Kc6 58. Rg7 Kb6 59. Kd2 0-1

[Event "I Open"]
[Site "Crema ITA"]
[Date "1999.09.17"]
[Round "1"]
[White "Annoni, Riccardo"]
[Black "Bellini, Roberto"]
[Result "1-0"]
[WhiteElo "1855"]
[BlackElo "1461"]
[PlyCount "63"]
[EventDate "1999.09.17"]

1.e4 c5 2.Nf3 d6 3.c3 Nf6 4.Bd3 g6 5.Bc2 Nbd7 6.O-O Bg7 7.d4 O-O 8.Re1 
cxd4 9.cxd4 e5 10.Nc3 exd4 11.Qxd4 Ne5 12.Nxe5 dxe5 13.Qxe5 Ng4 14.Qg3 Bd4
15.Rf1 b6 16.h3 Nf6 17.Bg5 Nh5 18.h4 Qc7 19.Bb3 Be6 20.Nb5 Qe5 21.Nxd4 
Qxd4 22.Bxe6 fxe6 23.b3 Rac8 24.Qg4 Qe5 25.Rac1 Nf6 26.Bxf6 Qxf6 27.Qe2 
Rcd8 28.Rc7 a5 29.Rc6 Qf4 30.Rxe6 Rd2 31.Qc4 b5 32.Rxg6+ 1-0

[Event "I Open"]
[Site "Crema ITA"]
[Date "1999.09.17"]
[Round "1"]
[White "Bertoncini, Mauro"]
[Black "Prelati, Maurizio"]
[Result "0-1"]
[WhiteElo "1503"]
[BlackElo "2129"]
[PlyCount "84"]
[EventDate "1999.09.17"]

1.e4 c5 2.Nf3 d6 3.c3 Nf6 4.e5 dxe5 5.Nxe5 Nbd7 6.Qa4 g6 7.d4 Bg7 8.Bb5 
O-O 9.Nxd7 Nxd7 10.O-O Nb6 11.Qa3 cxd4 12.cxd4 Bxd4 13.Bh6 Bg7 14.Bxg7 
Kxg7 15.Qc3+ f6 16.Nd2 a6 17.Be2 Bd7 18.Rad1 Rc8 19.Qe3 Nd5 20.Qe4 Bf5 21.
Qf3 Bc2 22.Rc1 Nb4 23.Nc4 b5 24.a3 bxc4 25.axb4 Bb3 26.Qe4 Qd6 27.Bxc4 
Qxb4 28.Bd3 Qxe4 29.Bxe4 Rxc1 30.Rxc1 Rd8 31.f3 Rd1+ 32.Rxd1 Bxd1 33.b4 
Ba4 34.Kf2 e5 35.Ke3 Kf7 36.f4 Ke6 37.Bd3 Bb5 38.Bxb5 axb5 39.g4 exf4+ 40.
Kxf4 Kd5 41.h4 Kc4 42.h5 Kxb4 0-1

[Event "I Open"]
[Site "Crema ITA"]
[Date "1999.09.17"]
[Round "1"]
[White "Drei, Andrea"]
[Black "Rovedi, Mauro"]
[Result "0-1"]
[WhiteElo "2349"]
[BlackElo "1654"]
[PlyCount "101"]
[EventDate "1999.09.17"]

1.e4 d6 2.d4 Nf6 3.Nc3 g6 4.Nf3 Bg7 5.h3 Nbd7 6.e5 Ng8 7.Bf4 c5 8.exd6 
cxd4 9.Nb5 exd6 10.Bxd6 Nb6 11.Nc7+ Kd7 12.Nxd4 Qh4 13.Bb5+ Kd8 14.Bf4 Bd7
15.Nxa8 Qxf4 16.Ne6+ fxe6 17.Nxb6 Bd4 18.Qe2 Bxb5 19.Qxb5 Qxf2+ 20.Kd1 
Bxb6 21.Kc1 Nf6 22.Rf1 Qe3+ 23.Kb1 Ke7 24.a4 Rc8 25.a5 Rc5 26.Qb4 Qe2 27.
Rc1 Nd5 28.Qa3 Qb5 29.c4 Qxa5 30.Qxa5 Bxa5 31.cxd5 Rxd5 32.Ra4 Bb6 33.Re4 
e5 34.Rc8 Ke6 35.Rb8 Kf5 36.Re2 Rd6 37.Rf8+ Rf6 38.g4+ Ke6 39.Re8+ Kd6 40.
R8xe5 Rf3 41.h4 Rh3 42.h5 gxh5 43.gxh5 Bd4 44.Re6+ Kd5 45.Rh6 b5 46.Rxh7 
b4 47.Rd7+ Kc4 48.Rc2+ Kd3 49.Rc1 Rh4 50.Rd1+ Kc4 51.R7xd4+ 0-1

[Event "I Open"]
[Site "Crema ITA"]
[Date "1999.09.17"]
[Round "1"]
[White "Everet, Alexandro"]
[Black "Mondello, Fernando"]
[Result "1-0"]
[WhiteElo "2294"]
[BlackElo "1563"]
[PlyCount "81"]
[EventDate "1999.09.17"]

1.d4 Nf6 2.c4 g6 3.Nc3 Bg7 4.e4 d6 5.h3 O-O 6.Nf3 Na6 7.Be3 c5 8.Be2 cxd4 
9.Nxd4 Nc5 10.Qc2 a6 11.O-O Qc7 12.Rad1 b6 13.f4 Bb7 14.Bf3 Rac8 15.Rfe1 
Ncd7 16.b3 b5 17.Nd5 Nxd5 18.exd5 bxc4 19.Nc6 cxb3 20.Nxe7+ Kh8 21.Qxb3 
Nc5 22.Qa3 Rce8 23.Nc6 Ne4 24.Rc1 f5 25.Qb4 Qd7 26.Bd4 Bxd4+ 27.Qxd4+ Qg7 
28.Qb4 Nc5 29.Rxe8 Rxe8 30.Re1 Rxe1+ 31.Qxe1 Kg8 32.Qh4 Qf7 33.Qd8+ Qf8 
34.Qc7 Qf6 35.Kh2 h6 36.Na5 Ba8 37.Nc4 Ne4 38.Nb6 Qh4 39.Qb8+ Kf7 40.Qa7+ 
Kg8 41.Qxa8+ 1-0

[Event "I Open"]
[Site "Crema ITA"]
[Date "1999.09.17"]
[Round "1"]
[White "Luciani, Valerio"]
[Black "Scarrone, Alberto"]
[Result "1-0"]
[WhiteElo "2229"]
[BlackElo "1512"]
[PlyCount "117"]
[EventDate "1999.09.17"]

1.d4 Nf6 2.c4 e6 3.g3 d5 4.Bg2 Be7 5.Nf3 O-O 6.O-O c6 7.b3 Nbd7 8.Bb2 Qc7 
9.Qc2 Ne4 10.Nc3 Nxc3 11.Bxc3 Nf6 12.Nd2 Bd7 13.e4 dxe4 14.Nxe4 Nxe4 15.
Qxe4 Bf6 16.Bb4 Rfe8 17.f4 c5 18.Bxc5 Bc6 19.Qe3 Bxg2 20.Kxg2 b6 21.Bb4 
Rad8 22.Rad1 Qc6+ 23.Kg1 Qc8 24.Rf2 Rd7 25.Rfd2 Red8 26.Qe4 g6 27.a4 Qc7 
28.Kg2 Bg7 29.d5 exd5 30.Rxd5 Rxd5 31.Rxd5 Qc8 32.Rxd8+ Qxd8 33.Qd5 Qc8 
34.Be7 Bf8 35.Bf6 Bg7 36.Qd8+ Qxd8 37.Bxd8 Bc3 38.Kf3 f5 39.Be7 Kf7 40.Ba3
a5 41.Ke3 Ke6 42.Kd3 Be1 43.c5 bxc5 44.Kc4 Bb4 45.Bxb4 cxb4 46.Kb5 Kd5 47.
Kxa5 Kc5 48.Ka6 Kc6 49.a5 h6 50.h3 g5 51.h4 gxf4 52.gxf4 h5 53.Ka7 Kc7 54.
a6 Kc8 55.Kb6 Kb8 56.Kb5 Ka7 57.Ka5 Ka8 58.Kxb4 Ka7 59.Kb5 1-0

[Event "I Open"]
[Site "Crema ITA"]
[Date "1999.09.17"]
[Round "1"]
[White "Noli, Giovanni"]
[Black "Dragojlovic, Andjelko"]
[Result "0-1"]
[WhiteElo "1600"]
[BlackElo "2350"]
[PlyCount "106"]
[EventDate "1999.09.17"]

1.e4 c5 2.c3 g6 3.d4 cxd4 4.cxd4 d5 5.e5 Nc6 6.Nf3 Bg4 7.Be2 Nh6 8.h3 Bxf3
9.Bxf3 Nf5 10.Be3 Nxe3 11.fxe3 Bh6 12.Qe2 e6 13.O-O O-O 14.Nd2 a5 15.a4 
Qb6 16.Nb1 Qa6 17.Ra3 Rac8 18.Qxa6 bxa6 19.Rc3 Nb4 20.e4 dxe4 21.Bxe4 Rcd8
22.Rc4 Be3+ 23.Kh1 Rxd4 24.b3 Rfd8 25.Nc3 Bd2 26.Ne2 Rxc4 27.bxc4 Rc8 28.
Rd1 Bg5 29.Bb7 Rxc4 30.Rd6 Rc2 31.Ng1 Bf4 32.Rd1 Bxe5 33.Nf3 Bg3 34.Rf1 e5
35.Ng5 f5 36.Rd1 Nd3 37.Kg1 h6 38.Nf3 e4 39.Bxa6 Nc5 40.Rd8+ Kg7 41.Nd4 
Bf2+ 42.Kf1 Bxd4 43.Rxd4 Nxa6 44.Rd7+ Kf8 45.Rd6 Nc5 46.Rxg6 Kf7 47.Rxh6 
e3 48.Rd6 Ne4 49.Rd3 Ng3+ 50.Ke1 f4 51.h4 Rxg2 52.Kd1 Rg1+ 53.Kc2 e2 0-1

[Event "I Open"]
[Site "Crema ITA"]
[Date "1999.09.17"]
[Round "1"]
[White "Roncaglioli, Filippo"]
[Black "Mastrorilli, Nicola"]
[Result "0-1"]
[WhiteElo "1440"]
[BlackElo "1932"]
[PlyCount "44"]
[EventDate "1999.09.17"]

1.e4 c5 2.Nf3 g6 3.c3 Bg7 4.d4 Qc7 5.e5 cxd4 6.cxd4 d5 7.Nc3 f6 8.Bb5+ Kf8
9.Nxd5 Qa5+ 10.Nc3 a6 11.Be2 fxe5 12.dxe5 Nc6 13.Bf4 Nxe5 14.Nxe5 Bxe5 15.
Bxe5 Qxe5 16.Qd8+ Kg7 17.Qd5 Qc7 18.Bc4 Nf6 19.Qf7+ Kh6 20.O-O Bf5 21.Nd5 
Qxc4 22.Rac1 Qxd5 0-1

[Event "I Open"]
[Site "Crema ITA"]
[Date "1999.09.17"]
[Round "1"]
[White "Sartorio, Diego"]
[Black "Mione, Dario"]
[Result "0-1"]
[WhiteElo "1594"]
[BlackElo "2303"]
[PlyCount "60"]
[EventDate "1999.09.17"]

1.e4 e6 2.d4 d5 3.Nd2 dxe4 4.Nxe4 Nf6 5.Nxf6+ Qxf6 6.Nf3 h6 7.Be3 Bd6 8.
Bd3 Nc6 9.c3 Bd7 10.Qe2 O-O-O 11.O-O-O Ne7 12.Nd2 Nd5 13.Ne4 Qe7 14.Nxd6+ 
Qxd6 15.g3 Bc6 16.Rhf1 Ba4 17.Bc2 Qc6 18.Bxa4 Qxa4 19.Kb1 Rd6 20.Qc2 Qa5 
21.Bd2 Rhd8 22.Rfe1 Ne7 23.Re5 Qa6 24.Rde1 Nc6 25.R5e2 Na5 26.Bf4 Rb6 27.
Qh7 Qc4 28.Qxg7 Qd3+ 29.Rc2 Nc4 30.Bc1 Na3+ 0-1

[Event "I Open"]
[Site "Crema ITA"]
[Date "1999.09.17"]
[Round "1"]
[White "Sberse, Luca"]
[Black "Isonzo, David"]
[Result "0-1"]
[WhiteElo "1527"]
[BlackElo "2257"]
[PlyCount "64"]
[EventDate "1999.09.17"]

1.Nf3 c5 2.g3 Nc6 3.Bg2 d5 4.d3 e5 5.O-O Nf6 6.Nbd2 Be7 7.e4 d4 8.Nc4 Qc7 
9.a4 O-O 10.Ng5 h6 11.Nh3 Be6 12.f4 Bxc4 13.dxc4 Rad8 14.Qe2 Qd7 15.Nf2 
Bd6 16.f5 Be7 17.Rd1 g6 18.Ng4 Nxg4 19.Qxg4 Qd6 20.Bf1 Ra8 21.Rb1 Rfc8 22.
b3 Nb4 23.c3 Na2 24.Bd2 Bg5 25.Qe2 Qc6 26.cxd4 cxd4 27.Rb2 Bxd2 28.Qxd2 
Nc3 29.Re1 Nxe4 30.Qg2 Ng5 31.Rxe5 Nf3+ 32.Qxf3 Qxf3 0-1

[Event "I Open"]
[Site "Crema ITA"]
[Date "1999.09.17"]
[Round "1"]
[White "Scarpellini, Felice"]
[Black "Braghetta, Sergio"]
[Result "0-1"]
[WhiteElo "1540"]
[BlackElo "2270"]
[PlyCount "82"]
[EventDate "1999.09.17"]

1.c4 d6 2.Nc3 g6 3.g3 Bg7 4.Bg2 c6 5.Nf3 Nf6 6.O-O O-O 7.Rb1 a5 8.a3 e5 9.
d3 Re8 10.b4 axb4 11.axb4 Nbd7 12.b5 h6 13.e4 Nc5 14.Be3 Ra3 15.Bxc5 dxc5 
16.Qc2 Nh7 17.bxc6 bxc6 18.Rfd1 Nf8 19.Na4 Qa5 20.Ra1 Rxa1 21.Rxa1 Bg4 22.
Nd2 Nd7 23.Nb3 Qb4 24.Nc3 Nf8 25.h3 Bd7 26.Ra4 Qb6 27.Nc1 Ne6 28.N3e2 Rb8 
29.Qa2 h5 30.Ra8 Rxa8 31.Qxa8+ Kh7 32.Qa2 Bh6 33.Kh2 Nc7 34.f4 exf4 35.
Nxf4 h4 36.Nce2 hxg3+ 37.Kxg3 Qb8 38.Qa5 Ne6 39.e5 Qxe5 40.Qa7 Nxf4 41.
Qxd7 Nxe2+ 0-1

[Event "I Open"]
[Site "Crema ITA"]
[Date "1999.09.17"]
[Round "1"]
[White "Vecchia, Mario"]
[Black "Rigo, Gianfrancesco"]
[Result "0-1"]
[WhiteElo "1488"]
[BlackElo "1873"]
[PlyCount "96"]
[EventDate "1999.09.17"]

1.e4 e6 2.d4 d5 3.exd5 exd5 4.Nf3 Bd6 5.Be2 Ne7 6.O-O O-O 7.Re1 Bg4 8.Bd3 
Ng6 9.h3 Bxf3 10.Qxf3 Nc6 11.c3 Nce7 12.Nd2 Nf4 13.Nf1 Neg6 14.Bxf4 Nxf4 
15.Bc2 c6 16.Ng3 g6 17.Ne2 Ne6 18.Ng3 Qh4 19.Ne2 Rae8 20.Qg4 Qh6 21.Ng3 
Bxg3 22.Qxg3 Qd2 23.Qd3 Qg5 24.Re5 f5 25.Qg3 Qxg3 26.fxg3 Ng5 27.Rae1 Ne4 
28.Rxe8 Rxe8 29.Bxe4 fxe4 30.Kf2 Rf8+ 31.Ke3 Rf6 32.Rd1 Kf7 33.Re1 Ke6 34.
Rd1 b6 35.b4 Rf7 36.a3 Rc7 37.Rf1 c5 38.Rc1 cxd4+ 39.Kxd4 Rc4+ 40.Ke3 Ke5 
41.Ke2 b5 42.Ke3 Rxc3+ 43.Rxc3 d4+ 44.Kd2 dxc3+ 45.Kxc3 h5 46.h4 Kd5 47.
Kd2 Kd4 48.Ke2 e3 0-1

[Event "I Open"]
[Site "Crema ITA"]
[Date "1999.09.17"]
[Round "1"]
[White "Vujovic, Milorad"]
[Black "Epitome, Nando"]
[Result "1-0"]
[WhiteElo "2258"]
[BlackElo "1528"]
[PlyCount "49"]
[EventDate "1999.09.17"]

1.e4 c5 2.Nf3 d6 3.d4 cxd4 4.Nxd4 Nf6 5.Nc3 a6 6.Bg5 e6 7.f4 Be7 8.Qf3 Qc7
9.O-O-O Nbd7 10.g4 b5 11.Bxf6 Nxf6 12.g5 Nd7 13.f5 Bxg5+ 14.Kb1 Nf6 15.
Bxb5+ axb5 16.Ndxb5 Qc5 17.Nxd6+ Ke7 18.e5 Rb8 19.exf6+ Bxf6 20.Nde4 Qb4 
21.b3 Bb7 22.Qg3 Rhc8 23.fxe6 Bxe4 24.Nxe4 Qxe4 25.Qd6+ 1-0

[Event "I Open"]
[Site "Crema ITA"]
[Date "1999.09.17"]
[Round "2"]
[White "Aglio, Michele"]
[Black "Luciani, Valerio"]
[Result "0-1"]
[WhiteElo "1648"]
[BlackElo "2229"]
[PlyCount "98"]
[EventDate "1999.09.17"]

1.Nf3 d6 2.d4 f5 3.Bf4 Nf6 4.h3 g6 5.e3 Bg7 6.Bc4 e6 7.O-O O-O 8.c3 h6 9.
Qb3 Qe7 10.Nbd2 Kh7 11.Qc2 Nh5 12.Rfe1 Nc6 13.Bh2 e5 14.d5 Nd8 15.Nf1 Nf7 
16.Ng3 Nf6 17.Rad1 Ne8 18.Be2 Bf6 19.Qa4 Ng7 20.Kh1 h5 21.Bg1 g5 22.Nh2 
Kg6 23.f4 g4 24.Bf2 e4 25.Ngf1 Rh8 26.Nd2 Nh6 27.Rg1 a6 28.b4 Bd7 29.Qc2 
Rae8 30.c4 Kf7 31.c5 h4 32.Be1 Nh5 33.Nc4 Reg8 34.g3 hxg3 35.Bxg3 Nxg3+ 
36.Rxg3 Bh4 37.Rg2 gxh3 38.Bh5+ Kf8 39.Rgg1 Ng4 40.Bxg4 fxg4 41.cxd6 cxd6 
42.Nxg4 Bxg4 43.Nxd6 Bf3+ 44.Kh2 Qxd6 45.Rxg8+ Rxg8 46.Qc8+ Bd8 47.Rd2 
Rg2+ 48.Rxg2 hxg2 49.Qf5+ Qf6 0-1

[Event "I Open"]
[Site "Crema ITA"]
[Date "1999.09.17"]
[Round "2"]
[White "Bellini, Roberto"]
[Black "Sartorio, Diego"]
[Result "1/2-1/2"]
[WhiteElo "1461"]
[BlackElo "1594"]
[PlyCount "28"]
[EventDate "1999.09.17"]

1.d4 d5 2.c4 c6 3.Nc3 e6 4.Nf3 dxc4 5.e4 b5 6.a3 Bb7 7.Be3 Nf6 8.Be2 Be7 
9.O-O O-O 10.Ne5 Nbd7 11.f4 a5 12.Bf3 Nb6 13.Qc2 Qc7 14.Qf2 Ra6 1/2-1/2

[Event "I Open"]
[Site "Crema ITA"]
[Date "1999.09.17"]
[Round "2"]
[White "Braghetta, Sergio"]
[Black "Sgro', Antonino"]
[Result "1-0"]
[WhiteElo "2270"]
[BlackElo "1797"]
[PlyCount "109"]
[EventDate "1999.09.17"]

1.d4 f5 2.g3 Nf6 3.Bg2 e6 4.Nd2 d5 5.Nh3 c6 6.O-O Be7 7.c3 Nbd7 8.Nf4 Nf8 
9.Nf3 Ng6 10.Nxg6 hxg6 11.Ne5 Rh7 12.Nxg6 Kf7 13.Ne5+ Kg8 14.f3 Qe8 15.Bg5
Nd7 16.Bxe7 Qxe7 17.e4 Nxe5 18.dxe5 f4 19.Qd2 fxg3 20.hxg3 Bd7 21.Rad1 Rf8
22.f4 g6 23.Qe3 b6 24.b4 Qg7 25.a3 Qh6 26.Rf3 Qg7 27.Kf2 Bc8 28.Rh1 Rxh1 
29.Bxh1 Ba6 30.Kg1 Bc4 31.Rf2 Rf7 32.Bf3 Qh8 33.Bg4 Rh7 34.Bf3 Rh3 35.Bg2 
Rh5 36.Qf3 Qh6 37.Qg4 Kf7 38.Qd1 Qh8 39.Qa4 Qa8 40.Qc2 a5 41.Qc1 b5 42.Qe3
axb4 43.cxb4 Qa4 44.Rd2 Rh8 45.f5 exf5 46.exf5 gxf5 47.Qg5 Qa7+ 48.Rf2 Bd3
49.Qf6+ Kg8 50.Qxc6 Qe3 51.Bxd5+ Kg7 52.Qf6+ Kh7 53.Bf3 Qe1+ 54.Kg2 Bf1+ 
55.Rxf1 1-0

[Event "I Open"]
[Site "Crema ITA"]
[Date "1999.09.17"]
[Round "2"]
[White "Cammarota, Vittorio"]
[Black "Ferrarini, Alessio"]
[Result "0-1"]
[WhiteElo "1618"]
[BlackElo "1606"]
[PlyCount "122"]
[EventDate "1999.09.17"]

1.d4 Nf6 2.Nf3 d5 3.Bf4 e6 4.e3 Be7 5.Bd3 Nbd7 6.Nbd2 c5 7.c3 h6 8.O-O O-O
9.Re1 b6 10.e4 Bb7 11.e5 Ne8 12.Qe2 c4 13.Bc2 b5 14.a3 a5 15.Nf1 b4 16.Ng3
g5 17.Bd2 Ng7 18.h3 b3 19.Bb1 f5 20.exf6 Rxf6 21.Nh2 e5 22.dxe5 Re6 23.Nf3
Qf8 24.Nd4 Rxe5 25.Qd1 Ra6 26.Rxe5 Nxe5 27.Ngf5 Bc5 28.h4 Nxf5 29.Nxf5 Rf6
30.Be3 Bxe3 31.Nxe3 Rxf2 32.Nxd5 Rxb2 33.Qd4 Bxd5 34.Qxd5+ Qf7 35.Be4 Qxd5
36.Bxd5+ Kg7 37.hxg5 hxg5 38.Re1 Kf6 39.Rf1+ Ke7 40.Rd1 Rc2 41.Be4 Nd3 42.
Rb1 b2 43.Kh2 Rxc3 44.Bxd3 Rxd3 45.Rxb2 Rxa3 46.Rc2 c3 47.Kg3 Rb3 48.Kf3 
Kd6 49.Kg4 Rb4+ 50.Kxg5 Rc4 51.Kf5 Kd5 52.g4 Kd4 53.g5 Kd3 54.Rh2 c2 55.
Rh3+ Kd4 56.Rh4+ Kd5 57.Rh1 c1=Q 58.Rh8 Qf4+ 59.Kg6 Rc6+ 60.Kg7 Qxg5+ 61.
Kf8 Qf6+ 0-1

[Event "I Open"]
[Site "Crema ITA"]
[Date "1999.09.17"]
[Round "2"]
[White "Del Giudice, Stefano"]
[Black "Vujovic, Milorad"]
[Result "0-1"]
[WhiteElo "1783"]
[BlackElo "2258"]
[PlyCount "38"]
[EventDate "1999.09.17"]

1.e4 c5 2.Nf3 e6 3.d4 cxd4 4.Nxd4 Nf6 5.Nc3 d6 6.Be3 a6 7.Be2 Qc7 8.O-O b5
9.a3 Bb7 10.Bd3 Nbd7 11.f4 Nc5 12.Qf3 d5 13.exd5 Nxd5 14.Ne4 Rd8 15.b4 
Nxd3 16.cxd3 Nxe3 17.Qxe3 Qb6 18.Nc2 Qxe3+ 19.Nxe3 Rxd3 0-1

[Event "I Open"]
[Site "Crema ITA"]
[Date "1999.09.17"]
[Round "2"]
[White "Di Cataldo, Cesare"]
[Black "Everet, Alexandro"]
[Result "0-1"]
[WhiteElo "1803"]
[BlackElo "2294"]
[PlyCount "58"]
[EventDate "1999.09.17"]

1.Nf3 g6 2.g3 Bg7 3.Bg2 Nf6 4.c4 O-O 5.O-O d6 6.Nc3 c6 7.d4 Bg4 8.b3 Qc8 
9.Bb2 Bh3 10.e4 Bxg2 11.Kxg2 Nh5 12.Nh4 e5 13.d5 c5 14.Bc1 Qd8 15.Bd2 a6 
16.Kh1 Nd7 17.Nf5 Qf6 18.h4 gxf5 19.Qxh5 f4 20.Rg1 Kh8 21.Raf1 Qg6 22.Qf3 
Qh6 23.Qg4 Nf6 24.Qh3 b5 25.g4 Qg6 26.g5 Nxe4 27.h5 Nxg5 28.Qg4 Qd3 29.
Qxg5 Qh3# 0-1

[Event "I Open"]
[Site "Crema ITA"]
[Date "1999.09.17"]
[Round "2"]
[White "Dragojlovic, Andjelko"]
[Black "Agrifoglio, Fabio"]
[Result "1-0"]
[WhiteElo "2350"]
[BlackElo "2010"]
[PlyCount "60"]
[EventDate "1999.09.17"]

1.g3 f5 2.Nf3 b6 3.Bg2 Bb7 4.O-O Nf6 5.c4 g6 6.Nc3 Bg7 7.d3 O-O 8.Re1 e6 
9.e4 d6 10.Ng5 Re8 11.exf5 Bxg2 12.Nxe6 Rxe6 13.Rxe6 Bh3 14.Qf3 Nbd7 15.
Bg5 Bxf5 16.Re3 Ne5 17.Qg2 Qf8 18.Rae1 c6 19.Bxf6 Bxf6 20.Ne4 Bg7 21.h3 
Rd8 22.g4 Bc8 23.d4 d5 24.cxd5 cxd5 25.Ng5 Nc6 26.Re8 Qxe8 27.Rxe8+ Rxe8 
28.Qxd5+ Kh8 29.Nf7+ Kg8 30.Nh6+ Kh8 1-0

[Event "I Open"]
[Site "Crema ITA"]
[Date "1999.09.17"]
[Round "2"]
[White "Isonzo, David"]
[Black "Righini, Giovanni"]
[Result "1-0"]
[WhiteElo "2257"]
[BlackElo "1767"]
[PlyCount "53"]
[EventDate "1999.09.17"]

1.e4 e6 2.d4 d5 3.Nc3 Nc6 4.Nf3 Nf6 5.Bg5 Be7 6.e5 Ne4 7.Bxe7 Qxe7 8.a3 
Nxc3 9.bxc3 Na5 10.Bd3 Bd7 11.O-O c5 12.Re1 c4 13.Bf1 Ba4 14.g3 b5 15.Nh4 
Nc6 16.f4 g6 17.Bg2 Kd7 18.Rf1 a5 19.f5 gxf5 20.Bxd5 exd5 21.Nxf5 Qg5 22.
Qf3 Ke6 23.Ne3 Rhf8 24.Qxd5+ Ke7 25.Qd6+ Ke8 26.Qxc6+ Ke7 27.Nd5+ 1-0

[Event "I Open"]
[Site "Crema ITA"]
[Date "1999.09.17"]
[Round "2"]
[White "Mastrorilli, Nicola"]
[Black "Mrdja, Milan"]
[Result "0-1"]
[WhiteElo "1932"]
[BlackElo "2425"]
[PlyCount "50"]
[EventDate "1999.09.17"]

1.d4 Nf6 2.Nf3 g6 3.c4 Bg7 4.Nc3 O-O 5.e4 d6 6.Be2 Na6 7.O-O c6 8.Ne1 Nc7 
9.Be3 a6 10.a4 Rb8 11.Rb1 a5 12.f4 Na6 13.g4 Nd7 14.Nd3 Nb4 15.e5 b6 16.
Nxb4 axb4 17.Ne4 c5 18.dxc5 Bb7 19.Bf3 dxe5 20.fxe5 Nxe5 21.c6 Bxc6 22.Ng5
Bxf3 23.Nxf3 Nxc4 24.Bd4 e5 25.Qb3 Na5 0-1

[Event "I Open"]
[Site "Crema ITA"]
[Date "1999.09.17"]
[Round "2"]
[White "Mione, Dario"]
[Black "Annoni, Riccardo"]
[Result "1/2-1/2"]
[WhiteElo "2303"]
[BlackElo "1855"]
[PlyCount "75"]
[EventDate "1999.09.17"]

1.b3 d5 2.Bb2 Nf6 3.e3 Bf5 4.f4 e6 5.Nf3 Nbd7 6.d3 c5 7.Nbd2 Be7 8.Qe2 Qa5
9.h3 h5 10.g3 c4 11.bxc4 dxc4 12.e4 c3 13.Bc1 cxd2+ 14.Bxd2 Bb4 15.exf5 
Bxd2+ 16.Qxd2 Qxf5 17.Bg2 O-O 18.Nd4 Qc5 19.Nb3 Qc7 20.O-O Rac8 21.c4 b5 
22.cxb5 Qb6+ 23.d4 Qxb5 24.Qa5 Qxa5 25.Nxa5 Rc3 26.Kh2 Rfc8 27.Rab1 Nb6 
28.Rf2 Nfd5 29.Rbb2 Rd3 30.Bxd5 exd5 31.Rbd2 Rxd2 32.Rxd2 Nc4 33.Rc2 Kf8 
34.Kg1 Ke7 35.Kf2 Kd7 36.Nb3 Rb8 37.Re2 a5 38.Nc5+ 1/2-1/2

[Event "I Open"]
[Site "Crema ITA"]
[Date "1999.09.17"]
[Round "2"]
[White "Mondello, Fernando"]
[Black "Vecchia, Mario"]
[Result "1-0"]
[WhiteElo "1563"]
[BlackElo "1488"]
[PlyCount "63"]
[EventDate "1999.09.17"]

1.e4 c5 2.Nf3 d6 3.d4 cxd4 4.Nxd4 Nf6 5.Nc3 a6 6.Bc4 e6 7.Bb3 Be7 8.Be3 
Nc6 9.f3 O-O 10.Qd2 Na5 11.g4 Nxb3 12.axb3 d5 13.e5 Nd7 14.f4 Bc5 15.g5 
Nb8 16.O-O-O Nc6 17.Nxc6 Bxe3 18.Nxd8 Bxd2+ 19.Rxd2 Rxd8 20.Ne4 Bd7 21.Nd6
Bc6 22.h4 a5 23.h5 a4 24.b4 Ra7 25.h6 g6 26.Rh3 Rda8 27.Ra3 b5 28.Rdd3 Rc7
29.Rac3 Rb8 30.Rc5 Kf8 31.Rdc3 Rb6 32.Nxb5 1-0

[Event "I Open"]
[Site "Crema ITA"]
[Date "1999.09.17"]
[Round "2"]
[White "Prelati, Maurizio"]
[Black "Castagneti, Marco"]
[Result "1/2-1/2"]
[WhiteElo "2129"]
[BlackElo "1630"]
[PlyCount "96"]
[EventDate "1999.09.17"]

1.e4 c6 2.d4 d5 3.exd5 cxd5 4.c4 dxc4 5.Bxc4 Nf6 6.Nf3 e6 7.O-O Be7 8.Nc3 
O-O 9.Bg5 Nbd7 10.Qe2 Nb6 11.Bd3 Re8 12.Rfe1 Bd7 13.Bxf6 Bxf6 14.Qe4 g6 
15.Qxb7 Qc8 16.Qxc8 Rexc8 17.Ne4 Be7 18.Rac1 Bc6 19.Ba6 Bxe4 20.Rxc8+ Nxc8
21.Rxe4 Nb6 22.Re1 Rd8 23.Rd1 Rd7 24.Kf1 Bf6 25.Ke2 Rc7 26.g3 Nd5 27.a3 
Kf8 28.h4 h6 29.Bd3 Ke7 30.Ne5 h5 31.Rd2 Kd6 32.f4 Bg7 33.Rc2 Rxc2+ 34.
Bxc2 Bxe5 35.dxe5+ Ke7 36.b4 Kd8 37.Kd3 Kc7 38.Kd4 Ne7 39.Be4 Kb6 40.a4 a6
41.a5+ Kb5 42.Kc3 Nd5+ 43.Bxd5 exd5 44.Kd4 Kc6 45.Kc3 Kb5 46.Kd4 Kc6 47.
Kc3 Kc7 48.Kd4 Kc6 1/2-1/2